| 000 | 00374nam a2200145Ia 4500 | ||
|---|---|---|---|
| 008 | 130318s9999 xx 000 0 und d | ||
| 020 | _a9788120332782 | ||
| 082 | _a005.12028 PAN/D | ||
| 100 | _aPaneerselvam, R | ||
| 245 | _aDesign and analysis of algorithms | ||
| 260 |
_bPHI Learning _aNew Delhi _c2007 |
||
| 300 | _a426 | ||
| 650 | _aDATA STRUCTURE | ||
| 650 | _aHEURISTICS | ||
| 999 |
_c2325 _d2325 |
||